Big or Small? Click Quiz - Statistics

General Stats
  • This quiz has been taken 7 times
  • The average score is 29 of 33
Answer Stats
Hint Answer % Correct
Huge Big
100%
Colossal Big
100%
Humongous Big
100%
Gigantic Big
100%
Mega Big
100%
Massive Big
100%
Large Big
100%
Major Big
100%
Enormous Big
100%
Moderate Medium
100%
Fair Medium
100%
Intermediate Medium
100%
Halfway Medium
100%
Tiny Small
100%
Miniscule Small
100%
Short Small
100%
Microscopic Small
100%
Miniature Small
100%
Tall Big
86%
Important Big
86%
Average Medium
86%
Median Medium
86%
Neutral Medium
86%
Insignificant Small
86%
Microscale Small
86%
Significant Big
71%
Immense Big
71%
Towering Big
71%
Mediocre Medium
71%
Minor Small
71%
Compact Small
71%
Slight Small
57%
Meager Small
43%
No matching quizzes found
Score Distribution
Percent of People with Each Score
Percentile by Number Answered
Your Score History
You have not taken this quiz